Statistical analysis of geographic information with ArcView GIS and ArcGIS

Αποθηκεύτηκε σε:
Λεπτομέρειες βιβλιογραφικής εγγραφής
Κύριος συγγραφέας: Wong, David W. S. (David Wing-Shun)
Άλλοι συγγραφείς: Lee, Jay
Μορφή: Βιβλίο
Γλώσσα:English
Δημοσίευση: Hoboken, N.J. : Wiley, 2005
Έκδοση:Fully rev. and updated
Θέματα:
Ετικέτες: Προσθήκη ετικέτας
Δεν υπάρχουν, Καταχωρήστε ετικέτα πρώτοι!

MARC

LEADER 00000nam a2200000 i 4500
001 1/103360
008 090327s2005 eng d
020 |a 0-471-46899-1 
035 |l 10104014 
040 |a GR-MY-UA  |b gre  |e aacr 
041 0 |a eng 
082 0 |a 910.285  |2 (22) 
100 1 |a Wong, David W. S.  |q (David Wing-Shun) 
245 1 0 |a Statistical analysis of geographic information with ArcView GIS and ArcGIS /  |c David W.S. Wong, Jay Lee 
250 |a Fully rev. and updated 
260 |a Hoboken, N.J. :   |b Wiley,   |c 2005 
300 |a xvii, 441 σ.;  |b εικ., χάρτες;  |c 25 εκ.+  |e 1 οπτική δισκέτα λέϊζερ Η/Υ (4 3/4 ίν.) 
504 |a Περιέχει βιβλιογραφικές παραπομπές και ευρετήριο 
650 0 0 |a Geographic information systems. 
650 0 0 |a Spatial analysis (Statistics) 
700 1 |a Lee, Jay. 
852 |a INST  |b LESVOS  |e 20090327  |h 910.285 WON  |p 005100044664  |q 005100044664  |t BK  |y 0 
852 |a INST  |b LESVOS  |e 20090327  |h 910.285 WON   |p 005100044665  |q 005100044665  |t BK  |y 0 
901 |a BIBL1-2009-1 
909 |a Λ  |b 154300 
909 |a Λ  |b 137599 
922 |a 1ΕΛΗ  |b 200809  |c ΕΠΕΑΕΚ2/ΤΓ  |d ΜΙΧΑΛΟΠΟΥΛΟΣ 
970 |a ΚΑΡΑ  |b ΓΙΑΣΕΜΗ  |z 2009/03/27